[Event "26th EUR-ch"]
[Site "Katowice POL"]
[Date "2026.04.12"]
[Round "5.236"]
[White "Zyznowski, Adam"]
[Black "Damaso Tacoronte, Carolina"]
[Result "0-1"]
[WhiteElo "1599"]
[BlackElo "1918"]
[EventDate "2026.04.07"]
[PlyCount "90"]

1.e4 c6 2.d4 d5 3.e5 Bf5 4.Nf3 h6 5.Bd3 Bxd3 6.Qxd3 e6 7.O-O Ne7 8.c3 Nd7 
9.b3 Ng6 10.g3 c5 11.Na3 a6 12.Nc2 Be7 13.Ne3 b5 14.Bd2 Nb6 15.Ne1 c4 16.
bxc4 dxc4 17.Qc2 Nd5 18.f4 Nxe3 19.Bxe3 O-O 20.f5 exf5 21.Qxf5 Qc8 22.Qe4 
Ba3 23.Rb1 Re8 24.Nc2 Bf8 25.Nb4 Bxb4 26.Rxb4 Qd7 27.a4 Ne7 28.axb5 axb5 
29.Rb2 Nd5 30.Bd2 b4 31.Qc2 bxc3 32.Bxc3 Ne3 33.Qe4 Nxf1 34.Kxf1 Qh3+ 35.
Kg1 Ra1+ 36.Rb1 Ra2 37.Rb2 Rxb2 38.Bxb2 Qh5 39.d5 Qd1+ 40.Kf2 Qd2+ 41.Qe2 
Qxd5 42.Qf3 Qxf3+ 43.Kxf3 Rb8 44.Ba1 Rb1 45.Bd4 c3 0-1

[Event "26th EUR-ch"]
[Site "Katowice POL"]
[Date "2026.04.12"]
[Round "5.237"]
[White "Kasperczyk, Szymon"]
[Black "Kozera, Patryk"]
[Result "1/2-1/2"]
[WhiteElo "1910"]
[BlackElo "1694"]
[EventDate "2026.04.07"]
[PlyCount "65"]

1.d4 Nf6 2.Bf4 g6 3.Nc3 d5 4.Nf3 Bg7 5.e3 O-O 6.h3 c5 7.Nb5 Na6 8.c3 Nd7 
9.Be2 Re8 10.O-O e5 11.dxe5 Nxe5 12.Nxe5 Bxe5 13.Bxe5 Rxe5 14.Qd2 b6 15.
Rad1 Bb7 16.f4 Re8 17.c4 Qe7 18.cxd5 Nb4 19.Bf3 Qxe3+ 20.Qxe3 Rxe3 21.Kf2 
Re7 22.d6 Rd7 23.Bxb7 Rxb7 24.Rfe1 Nc6 25.Nc7 Rd8 26.Re8+ Rxe8 27.Nxe8 Nd4
28.Re1 Rb8 29.Nf6+ Kg7 30.Ne8+ Kf8 31.Nf6 Kg7 32.Ne8+ Kf8 33.Nf6 1/2-1/2

[Event "26th EUR-ch"]
[Site "Katowice POL"]
[Date "2026.04.12"]
[Round "5.238"]
[White "Madera, Mateusz"]
[Black "Pilch, Anna"]
[Result "1-0"]
[WhiteElo "1902"]
[BlackElo "1699"]
[EventDate "2026.04.07"]
[PlyCount "61"]

1.e4 c5 2.Nf3 e6 3.d4 cxd4 4.Nxd4 a6 5.Nc3 Qc7 6.a3 Nf6 7.Be2 Be7 8.O-O 
O-O 9.Be3 d6 10.f4 b5 11.Bf3 Bb7 12.f5 e5 13.Nb3 Rd8 14.Qd2 Nbd7 15.Qf2 
Nc5 16.Nxc5 dxc5 17.g4 Ne8 18.Rad1 f6 19.h4 Rxd1 20.Rxd1 Rc8 21.Nd5 Bxd5 
22.Rxd5 Qc6 23.Qd2 b4 24.g5 bxa3 25.bxa3 c4 26.g6 Bxa3 27.gxh7+ Kxh7 28.
Bh5 Nc7 29.Rd8 Ne8 30.Bxe8 Qxe4 31.Bg6# 1-0

[Event "26th EUR-ch"]
[Site "Katowice POL"]
[Date "2026.04.12"]
[Round "5.239"]
[White "Duda, Aleksandra"]
[Black "Janik, Albert"]
[Result "1-0"]
[WhiteElo "1878"]
[BlackElo "1668"]
[EventDate "2026.04.07"]
[PlyCount "109"]

1.c4 c6 2.Nc3 d5 3.cxd5 cxd5 4.d4 Nf6 5.Bf4 Nc6 6.e3 a6 7.Nf3 Bg4 8.Be2 e6
9.h3 Bxf3 10.Bxf3 Be7 11.O-O O-O 12.Rc1 Bd6 13.Bxd6 Qxd6 14.Na4 b5 15.Nc5 
Rfc8 16.Be2 Nd7 17.a4 Nxc5 18.dxc5 Qb8 19.axb5 axb5 20.Ra1 Na5 21.b4 Nc4 
22.Qd4 Qb7 23.e4 Rd8 24.exd5 exd5 25.Rxa8 Qxa8 26.Ra1 Qc6 27.Bf3 Qf6 28.
Qxf6 gxf6 29.Rd1 d4 30.Bc6 Na3 31.Kf1 f5 32.Bb7 Re8 33.c6 Re7 34.Rxd4 Nc2 
35.Rd8+ Kg7 36.g3 Nxb4 37.Rd7 Nxc6 38.Bxc6 Rxd7 39.Bxd7 b4 40.Bxf5 h5 41.
Ke2 Kf6 42.g4 Kg5 43.Kd3 Kf4 44.Kc4 h4 45.Kd5 b3 46.Kd6 Kf3 47.Ke7 Kg2 48.
g5 b2 49.Kxf7 b1=R 50.Bxb1 Kxh3 51.g6 Kh2 52.g7 h3 53.g8=Q Kh1 54.Be4+ Kh2
55.Qg3# 1-0

[Event "26th EUR-ch"]
[Site "Katowice POL"]
[Date "2026.04.12"]
[Round "5.240"]
[White "Klementys, Jerzy"]
[Black "Sopel, Jonatan Jan"]
[Result "1-0"]
[WhiteElo "1733"]
[BlackElo "1433"]
[EventDate "2026.04.07"]
[PlyCount "61"]

1.d4 Nf6 2.c4 e6 3.Nc3 Bb4 4.Qc2 Nc6 5.Nf3 Bxc3+ 6.Qxc3 Ne4 7.Qc2 f5 8.a3 
b6 9.b4 a6 10.Bb2 O-O 11.e3 Bb7 12.Rc1 Rc8 13.Be2 Ng5 14.Nxg5 Qxg5 15.Bf3 
Rfe8 16.Qc3 Ba8 17.b5 Na5 18.bxa6 Bxf3 19.gxf3 Nc6 20.Ke2 Qe7 21.f4 Ra8 
22.d5 Nd8 23.Rcg1 e5 24.fxe5 g6 25.e6 Nxe6 26.Qh8+ Kf7 27.Qxh7+ Kf8 28.
Qh8+ Kf7 29.dxe6+ Kxe6 30.Rxg6+ Kf7 31.Qg7# 1-0

[Event "26th EUR-ch"]
[Site "Katowice POL"]
[Date "2026.04.12"]
[Round "5.241"]
[White "Gospodarczyk, Wlodzimierz"]
[Black "Lewinski, Leon"]
[Result "0-1"]
[WhiteElo "1727"]
[BlackElo "1541"]
[EventDate "2026.04.07"]
[PlyCount "72"]

1.Nf3 c5 2.e4 d6 3.Bc4 Nf6 4.Nc3 g6 5.e5 dxe5 6.Nxe5 e6 7.d3 Bg7 8.Be3 Nd5
9.Bb5+ Bd7 10.Nxd7 Nxd7 11.Nxd5 exd5 12.O-O d4 13.Bf4 O-O 14.Bd6 Re8 15.
Bxd7 Qxd7 16.Bxc5 Qc7 17.Bb4 Rac8 18.Rc1 Qb6 19.Ba3 Bh6 20.Rb1 Qc6 21.Qg4 
Qxc2 22.Qxd4 Re2 23.Qh4 Rce8 24.h3 Be3 25.Qc4 Bxf2+ 26.Kh1 Qxc4 27.dxc4 
Rc8 28.b3 Rxa2 29.Bb2 Bh4 30.Rf4 Be7 31.Re4 Bd6 32.Bd4 b6 33.Rbe1 f5 34.
Re6 Bg3 35.R1e2 Rxe2 36.Rxe2 Rd8 0-1

[Event "26th EUR-ch"]
[Site "Katowice POL"]
[Date "2026.04.12"]
[Round "5.242"]
[White "Gawronski, Michal"]
[Black "Zychon, Rozalia"]
[Result "1-0"]
[WhiteElo "1717"]
[BlackElo "1473"]
[EventDate "2026.04.07"]
[PlyCount "65"]

1.d4 Nf6 2.Nf3 g6 3.Bf4 Bg7 4.c3 e6 5.Qc2 b6 6.Nbd2 Bb7 7.e4 d6 8.Bg5 Qc8 
9.h3 O-O 10.e5 dxe5 11.Nxe5 Nbd7 12.Ndf3 Ne4 13.Be3 Nxe5 14.Nxe5 Rd8 15.
Bd3 Nf6 16.f4 Nd7 17.O-O-O Nxe5 18.fxe5 Qd7 19.Rh2 a5 20.g4 b5 21.h4 b4 
22.c4 a4 23.Qf2 c5 24.h5 cxd4 25.Bf4 Rac8 26.hxg6 fxg6 27.Qh4 Bf8 28.Bxg6 
Rxc4+ 29.Kb1 Rc7 30.Qf6 Bg7 31.Bxh7+ Kh8 32.Bf5+ Kg8 33.Bxe6+ 1-0

[Event "26th EUR-ch"]
[Site "Katowice POL"]
[Date "2026.04.12"]
[Round "5.243"]
[White "Szymura, Oliwia"]
[Black "Szczypka, Sebastian"]
[Result "0-1"]
[WhiteElo "1516"]
[BlackElo "1717"]
[EventDate "2026.04.07"]
[PlyCount "143"]

1.e4 c5 2.Nc3 Nc6 3.d3 g6 4.Be3 d6 5.g3 Bg7 6.Bg2 e6 7.Nf3 Nge7 8.Qd2 h5 
9.h4 Rb8 10.d4 Qb6 11.O-O-O cxd4 12.Nxd4 Qb4 13.Ndb5 O-O 14.Qxd6 Qa5 15.
Qa3 Qxa3 16.Nxa3 Bxc3 17.bxc3 b5 18.Bc5 e5 19.f4 Bg4 20.Rd2 exf4 21.gxf4 
a6 22.e5 Rfc8 23.Bd6 Rb7 24.c4 b4 25.Nb1 Rd7 26.a3 a5 27.Bh3 Bxh3 28.Rxh3 
Nf5 29.axb4 axb4 30.Bxb4 Rxd2 31.Bxd2 Ncd4 32.Na3 Ne2+ 33.Kb2 Ng1 34.Rh1 
Nf3 35.Be1 Rd8 36.Ba5 Rd4 37.c5 Rxf4 38.c6 Nxe5 39.c7 Ne7 40.Rd1 N5c6 41.
Rd8+ Kg7 42.c8=Q Nxc8 43.Bc3+ f6 44.Rxc8 Ne7 45.Rc7 Kf7 46.Nb5 Kf8 47.Nd4 
Rxh4 48.Ne6+ Kf7 49.Nd8+ Ke8 50.Ne6 Nd5 51.Rg7 Nxc3 52.Kxc3 g5 53.Kb3 Rh3+
54.Kc4 g4 55.Kd5 Rh2 56.c4 f5 57.c5 Rd2+ 58.Ke5 Rd7 59.Rg8+ Kf7 60.Rf8+ 
Ke7 61.c6 Rc7 62.Kd5 Rxc6 63.Rxf5 Rd6+ 64.Ke4 Rxe6+ 65.Kd4 h4 66.Rh5 h3 
67.Rh4 Rg6 68.Rh7+ Kf6 69.Ra7 h2 70.Ra1 g3 71.Ke3 g2 72.Kd4 0-1

[Event "26th EUR-ch"]
[Site "Katowice POL"]
[Date "2026.04.12"]
[Round "5.249"]
[White "Sieciechowicz, Marcin"]
[Black "Nowak, Lukasz"]
[Result "1-0"]
[WhiteElo "2383"]
[BlackElo "2166"]
[EventDate "2026.04.07"]
[PlyCount "119"]

1.Nf3 c5 2.g3 Nc6 3.Bg2 g6 4.O-O Bg7 5.c4 e5 6.Nc3 d6 7.a3 Nge7 8.Rb1 a5 
9.d3 O-O 10.Ne1 Be6 11.Bg5 f6 12.Be3 Rb8 13.Nc2 Nd4 14.b4 axb4 15.axb4 b6 
16.Bd2 Qd7 17.e3 Nxc2 18.Qxc2 Bh3 19.Qa4 Qe6 20.Bxh3 Qxh3 21.bxc5 dxc5 22.
Nd5 Qe6 23.e4 f5 24.f3 Nxd5 25.cxd5 Qd6 26.Kg2 f4 27.g4 Bf6 28.Be1 Ra8 29.
Qb5 Bd8 30.Bf2 Ra5 31.Qb2 Bc7 32.Ra1 Rfa8 33.Rxa5 Rxa5 34.Ra1 Rxa1 35.Qxa1
g5 36.Qa8+ Kg7 37.Qe8 Bd8 38.Be1 Qe7 39.Qc6 Bc7 40.Bc3 Qd6 41.Qe8 Bb8 42.
h4 h6 43.h5 Bc7 44.Kf1 c4 45.d4 Qa3 46.Qd7+ Kf8 47.Qc8+ Kf7 48.Qxc7+ Kf8 
49.Qc8+ Kf7 50.Qf5+ Kg8 51.Qg6+ Kf8 52.Qxh6+ Kf7 53.Qe6+ Kf8 54.Qf6+ Ke8 
55.d6 Qc1+ 56.Be1 Kd7 57.d5 Kc8 58.Qe7 Kb8 59.Qc7+ Ka8 60.d7 1-0

[Event "26th EUR-ch"]
[Site "Katowice POL"]
[Date "2026.04.13"]
[Round "6.1"]
[White "Hovhannisian, Robert"]
[Black "Can, Isik"]
[Result "1/2-1/2"]
[WhiteElo "2621"]
[BlackElo "2563"]
[EventDate "2026.04.07"]
[PlyCount "92"]

1.e4 c6 2.d4 d5 3.e5 Bf5 4.Nf3 e6 5.Be2 a6 6.O-O c5 7.Be3 cxd4 8.Nxd4 Ne7 
9.c4 Nbc6 10.cxd5 Nxd5 11.Nxf5 exf5 12.Bd2 Bc5 13.Qc2 Nd4 14.Qxc5 Nxe2+ 
15.Kh1 Rc8 16.Qa3 Qd7 17.Qd3 Qb5 18.Qxb5+ axb5 19.Na3 b4 20.Nb5 Rc2 21.
Nd6+ Kd7 22.Nxf7 Rf8 23.e6+ Kxe6 24.Ng5+ Kd6 25.Nf3 Rxb2 26.a3 Ra8 27.axb4
Rxa1 28.Rxa1 Nec3 29.Bxc3 Nxc3 30.h3 Rxb4 31.Ra8 Rc4 32.Rd8+ Ke7 33.Rg8 
Kf7 34.Rh8 Ra4 35.Ne5+ Ke6 36.Nd3 Ra7 37.Rxh7 b5 38.Rh8 Kd5 39.Rc8 Kd4 40.
Nb4 Ra4 41.Nc6+ Kd3 42.Rd8+ Kc2 43.Nd4+ Kb2 44.Nxf5 b4 45.Kh2 Ra5 46.g4 
Rd5 1/2-1/2

[Event "26th EUR-ch"]
[Site "Katowice POL"]
[Date "2026.04.13"]
[Round "6.2"]
[White "Lagarde, Maxime"]
[Black "Iturrizaga Bonelli, Eduardo"]
[Result "1/2-1/2"]
[WhiteElo "2621"]
[BlackElo "2575"]
[EventDate "2026.04.07"]
[PlyCount "129"]

1.e4 c6 2.Nf3 d5 3.d3 Bg4 4.h3 Bxf3 5.Qxf3 e6 6.g3 Nd7 7.Nd2 Bc5 8.Qe2 Ne7
9.h4 a5 10.c3 O-O 11.Nf3 e5 12.Bh3 Bd6 13.h5 Nc5 14.O-O f5 15.exf5 Nxf5 
16.Nxe5 Qe7 17.d4 Rae8 18.Qc2 Ne4 19.Bf4 Bxe5 20.dxe5 g5 21.hxg6 hxg6 22.
Rae1 g5 23.Bc1 Qxe5 24.Bg2 g4 25.Bf4 Qe6 26.c4 Nd4 27.Qd1 Nf3+ 28.Bxf3 
gxf3 29.Qxf3 Qg6 30.Qg2 dxc4 31.Re3 Nc5 32.Rfe1 Rxe3 33.Bxe3 Nd3 34.Re2 
Qg4 35.Rd2 Ne1 36.Qf1 Nf3+ 37.Kg2 Qe4 38.Re2 Nd2+ 39.f3 Nxf3 40.Bf4 Ne1+ 
41.Kh2 Qh7+ 42.Kg1 Nd3 43.Qf3 Qg6 44.Kh1 Qf5 45.Kg1 Qg6 46.Kh1 Rd8 47.Kg2 
b5 48.Re4 Rf8 49.Qe3 Nxf4+ 50.Rxf4 Rxf4 51.Qxf4 Qc2+ 52.Kh3 Qxb2 53.Qd6 
Qh8+ 54.Kg2 Qb2+ 55.Kh3 Qf2 56.Qxc6 Qf5+ 57.g4 Qe5 58.a4 b4 59.Qxc4+ Kg7 
60.Kg2 Qc3 61.Qe6 Qb2+ 62.Kg3 Qc3+ 63.Kg2 Qc2+ 64.Kg3 Qc7+ 65.Kh3 1/2-1/2

[Event "26th EUR-ch"]
[Site "Katowice POL"]
[Date "2026.04.13"]
[Round "6.3"]
[White "Lodici, Lorenzo"]
[Black "Stefansson, Vignir Vatnar"]
[Result "0-1"]
[WhiteElo "2601"]
[BlackElo "2512"]
[EventDate "2026.04.07"]
[PlyCount "142"]

1.e4 e5 2.Nf3 Nc6 3.Bb5 Nf6 4.d3 Bc5 5.Be3 Bxe3 6.fxe3 Ne7 7.Bc4 Ng6 8.h4 
h5 9.Nc3 d6 10.O-O Be6 11.Bxe6 fxe6 12.Qe1 O-O 13.Qg3 Ng4 14.Rae1 Nh8 15.
Nd1 Nf7 16.d4 Qe7 17.Nf2 Nxf2 18.Rxf2 exd4 19.exd4 Nh6 20.e5 d5 21.Ng5 
Rxf2 22.Qxf2 Rf8 23.Qe2 Nf7 24.Qxh5 Nxg5 25.hxg5 Rf5 26.Rf1 Rxg5 27.Rf7 
Rxg2+ 28.Kxg2 Qxf7 29.Qg5 Qe8 30.c3 Kf8 31.Kg3 a5 32.a4 b6 33.b4 Qe7 34.
Qf4+ Ke8 35.Qd2 Kd7 36.Kg4 Qf8 37.bxa5 Qf5+ 38.Kg3 bxa5 39.Qe2 Qb1 40.Kh2 
Qb3 41.Qh5 Qc2+ 42.Kg1 Qc1+ 43.Kg2 Qf4 44.Kg1 Qg3+ 45.Kf1 Ke7 46.Qh8 Qf3+ 
47.Kg1 Qd1+ 48.Kf2 Qc2+ 49.Kf1 Kf7 50.Qh5+ Qg6 51.Qe2 Qf5+ 52.Kg1 Qg5+ 53.
Kf2 Qf4+ 54.Kg1 Qg3+ 55.Kf1 Qh3+ 56.Kg1 Qxc3 57.Qh5+ Ke7 58.Qg5+ Ke8 59.
Qg6+ Kf8 60.Qxe6 Qxd4+ 61.Kf1 Qxa4 62.Qxd5 Ke7 63.Ke2 Qc2+ 64.Ke3 a4 65.
Qd4 Qb3+ 66.Kf4 a3 67.Qc5+ Kd7 68.Qf8 a2 69.Qxg7+ Kc8 70.Qh8+ Kb7 71.e6 
Qa4+ 0-1

[Event "26th EUR-ch"]
[Site "Katowice POL"]
[Date "2026.04.13"]
[Round "6.4"]
[White "Anton Guijarro, David"]
[Black "Alexakis, Dimitris"]
[Result "1-0"]
[WhiteElo "2656"]
[BlackElo "2528"]
[EventDate "2026.04.07"]
[PlyCount "179"]

1.e4 c5 2.Nf3 Nc6 3.Bb5 g6 4.Bxc6 bxc6 5.O-O Bg7 6.Re1 Qc7 7.h3 d6 8.Na3 
e5 9.c3 Ne7 10.d4 cxd4 11.cxd4 exd4 12.Bf4 O-O 13.Rc1 Rd8 14.b4 Qb6 15.Nc4
Qxb4 16.Bg5 Re8 17.Bd2 Qb8 18.Bf4 Rd8 19.Nxd4 Ba6 20.Na5 Qb6 21.Ndxc6 Nxc6
22.Nxc6 Rd7 23.Be3 Qb5 24.a4 Qd3 25.Qg4 f5 26.exf5 Qxf5 27.Qxf5 gxf5 28.
Bd4 Bf8 29.Rc3 f4 30.Nb4 Bb7 31.a5 a6 32.f3 Rf7 33.Nd3 Rf5 34.Rc7 Bd5 35.
Nf2 h5 36.h4 Rb8 37.Nh3 Bf7 38.Ng5 Rb4 39.Bc3 Rb3 40.Bd4 Rb4 41.Bc3 Rbb5 
42.Ne4 Kh7 43.Ng5+ Kg8 44.Ra7 Rbc5 45.Bb4 Rb5 46.Bd2 Rbd5 47.Re2 Rc5 48.
Nxf7 Rxf7 49.Rxa6 Rc2 50.Kf1 d5 51.Ke1 Ra2 52.Re5 d4 53.Ra8 d3 54.Rd8 Rg7 
55.Ree8 Ra1+ 56.Kf2 Rf7 57.Rxd3 Kh7 58.Rd5 Be7 59.Ke2 Kg6 60.Bc3 Rg1 61.
Kd3 Rd1+ 62.Kc4 Rc1 63.Kb3 Bf6 64.Bxf6 Rb7+ 65.Ka2 Rc2+ 66.Ka3 Kxf6 67.
Rd6+ Kf7 68.Rb6 Rd7 69.Re4 Rdd2 70.Rxf4+ Ke7 71.Kb4 Ra2 72.Rb5 Kd6 73.Rb6+
Ke5 74.Re4+ Kf5 75.Rb5+ Kf6 76.Kc5 Rd8 77.Rf4+ Ke6 78.Re4+ Kf6 79.Reb4 
Rxg2 80.Kb6 Ra2 81.Kb7 Rd7+ 82.Ka6 Rd8 83.Rb8 Rd3 84.R4b5 Ke7 85.R8b7+ Kd6
86.f4 Rd4 87.R5b6+ Kd5 88.Rd7+ Kc5 89.Rxd4 Rxa5+ 90.Kxa5 1-0

[Event "26th EUR-ch"]
[Site "Katowice POL"]
[Date "2026.04.13"]
[Round "6.5"]
[White "Suleymanli, Aydin"]
[Black "Sahidi, Samir"]
[Result "1-0"]
[WhiteElo "2653"]
[BlackElo "2513"]
[EventDate "2026.04.07"]
[PlyCount "125"]

1.e4 e5 2.Nf3 Nc6 3.Bc4 Nf6 4.Ng5 d5 5.exd5 Na5 6.Bb5+ c6 7.dxc6 bxc6 8.
Bd3 Nd5 9.Nf3 Bd6 10.O-O O-O 11.Re1 Qc7 12.Bf1 Bg4 13.h3 Bh5 14.d4 exd4 
15.Be2 Rad8 16.Nxd4 Bg6 17.c3 Qb6 18.Nd2 Nf4 19.Bf1 c5 20.N4b3 Bb8 21.Nxa5
Qxa5 22.Qg4 Nd3 23.Bxd3 Rxd3 24.Nc4 Qa6 25.b3 Rxc3 26.Be3 Qc6 27.Bf4 Rc2 
28.Bxb8 Rxb8 29.Qg3 Rf8 30.Ne5 Qc8 31.Nc4 h6 32.Re7 Qa6 33.a4 Qf6 34.Rae1 
Rc1 35.Qc7 Rxe1+ 36.Rxe1 Bc2 37.Re3 Qa1+ 38.Kh2 Qd4 39.Na3 Bd1 40.Nb5 Qb4 
41.Nxa7 Bxb3 42.a5 Be6 43.Nc6 Qa4 44.Rg3 Kh7 45.Qd6 Ra8 46.Qxc5 g6 47.Ra3 
Qe4 48.Re3 Qf4+ 49.Kg1 Rc8 50.a6 Qa4 51.Rxe6 Qa1+ 52.Kh2 fxe6 53.Qe7+ Qg7 
54.Qxe6 Qc7+ 55.Ne5 Rg8 56.f4 Rg7 57.Qf6 Qb8 58.h4 Qc7 59.Qe6 Qd8 60.Kh3 
Qd1 61.Ng4 h5 62.Nf6+ Kh6 63.Qe8 1-0

[Event "26th EUR-ch"]
[Site "Katowice POL"]
[Date "2026.04.13"]
[Round "6.6"]
[White "Gumularz, Szymon"]
[Black "Tarhan, Adar"]
[Result "1/2-1/2"]
[WhiteElo "2590"]
[BlackElo "2477"]
[EventDate "2026.04.07"]
[PlyCount "135"]

1.e4 e5 2.Nf3 Nc6 3.Bb5 a6 4.Ba4 Nf6 5.O-O Be7 6.d3 b5 7.Bb3 d6 8.Bd2 Bg4 
9.c3 Na5 10.Bc2 c5 11.Re1 Nc6 12.h3 Bh5 13.Bc1 Qd7 14.a4 Rb8 15.Nbd2 g5 
16.axb5 axb5 17.Nf1 g4 18.hxg4 Bxg4 19.N1h2 Bh5 20.Be3 Rg8 21.Kh1 Ng4 22.
Qd2 d5 23.exd5 Qxd5 24.c4 bxc4 25.dxc4 Qxd2 26.Bxd2 Nxh2 27.Nxh2 Rxb2 28.
Ra8+ Bd8 29.Ba4 Rxd2 30.Rxe5+ Kf8 31.Rxh5 Nb4 32.Nf3 Rd6 33.Rxc5 Kg7 34.
Rcc8 Rf8 35.c5 Rh6+ 36.Kg1 Be7 37.Nd4 Rxc8 38.Rxc8 Ra6 39.Bd7 Kf6 40.Nf5 
Nd3 41.Nxe7 Kxe7 42.c6 Ra1+ 43.Kh2 Nxf2 44.Re8+ Kd6 45.Re2 Rh1+ 46.Kg3 Nd1
47.Rd2+ Kc7 48.Be8 Nc3 49.Rd7+ Kc8 50.Rxf7 Ne4+ 51.Kf4 Nd6 52.Bd7+ Kc7 53.
Rg7 h6 54.g4 Rf1+ 55.Ke5 Nc4+ 56.Ke6 Re1+ 57.Kf6 Ne5 58.Kf5 Kd6 59.Be8 
Rf1+ 60.Ke4 Re1+ 61.Kf4 Nd3+ 62.Kf3 Rxe8 63.Rd7+ Kxc6 64.Rxd3 Re6 65.Kf4 
Rd6 66.Rxd6+ Kxd6 67.Kf5 h5 68.gxh5 1/2-1/2

[Event "26th EUR-ch"]
[Site "Katowice POL"]
[Date "2026.04.13"]
[Round "6.7"]
[White "Brunello, Sabino"]
[Black "Sargsian, Shant"]
[Result "1/2-1/2"]
[WhiteElo "2516"]
[BlackElo "2647"]
[EventDate "2026.04.07"]
[PlyCount "71"]

1.e4 c5 2.Nf3 Nc6 3.d4 cxd4 4.Nxd4 e6 5.Nc3 a6 6.Nxc6 bxc6 7.Bd3 d5 8.O-O 
Nf6 9.Qe2 Be7 10.b3 O-O 11.Bb2 d4 12.Nb1 e5 13.Nd2 c5 14.Nc4 Qc7 15.Bc1 
Bg4 16.f3 Be6 17.f4 exf4 18.Bxf4 Qd8 19.e5 Nd5 20.Qe4 g6 21.Bh6 Re8 22.
Rae1 Bg5 23.Bxg5 Qxg5 24.Nd6 Ne3 25.Nxe8 Rxe8 26.Rxe3 dxe3 27.Re1 c4 28.
Bf1 Qe7 29.Qxe3 Rc8 30.Qd4 cxb3 31.cxb3 a5 32.Qb6 Qa3 33.Rd1 Qxa2 34.Rd8+ 
Rxd8 35.Qxd8+ Kg7 36.Qf6+ 1/2-1/2

[Event "26th EUR-ch"]
[Site "Katowice POL"]
[Date "2026.04.13"]
[Round "6.8"]
[White "Boruchovsky, Avital"]
[Black "Donchenko, Alexander"]
[Result "0-1"]
[WhiteElo "2510"]
[BlackElo "2642"]
[EventDate "2026.04.07"]
[PlyCount "94"]

1.e4 c5 2.Nf3 d6 3.d4 cxd4 4.Nxd4 Nf6 5.Bb5+ Bd7 6.c4 Nc6 7.Nc3 g6 8.h3 
Nxd4 9.Bxd7+ Qxd7 10.Qxd4 Bg7 11.O-O O-O 12.Qd3 Rfc8 13.Bd2 a6 14.a4 e6 
15.Rfe1 Qc6 16.b3 Rd8 17.Rac1 Rac8 18.Bg5 h6 19.Be3 Nd7 20.f3 Qc7 21.Red1 
Qa5 22.Na2 h5 23.Kh1 Ne5 24.Qe2 Qc7 25.Bg5 Rd7 26.Qf2 Nc6 27.Rd3 Qb8 28.
Rcd1 b5 29.axb5 Ne5 30.R3d2 axb5 31.f4 bxc4 32.fxe5 cxb3 33.Rxd6 Rdc7 34.
Rd7 Rxd7 35.Rxd7 Rf8 36.Nc3 b2 37.Nb1 Qxe5 38.Qf4 Qb5 39.Rd1 f6 40.Bh4 g5 
41.Qd6 gxh4 42.Qxe6+ Kh7 43.Nc3 Qe5 44.Qxe5 fxe5 45.Na4 Rb8 46.Rb1 Rb4 47.
Nxb2 Rb3 0-1

[Event "26th EUR-ch"]
[Site "Katowice POL"]
[Date "2026.04.13"]
[Round "6.9"]
[White "Samadov, Read"]
[Black "Gurel, Ediz"]
[Result "1/2-1/2"]
[WhiteElo "2508"]
[BlackElo "2635"]
[EventDate "2026.04.07"]
[PlyCount "50"]

1.d4 d5 2.c4 c6 3.Nf3 Nf6 4.Nc3 e6 5.Bg5 h6 6.Bh4 Be7 7.e3 Nbd7 8.Qc2 O-O 
9.a3 a5 10.h3 Re8 11.Rd1 Nh5 12.Bxe7 Qxe7 13.Be2 Nhf6 14.O-O b6 15.e4 dxe4
16.Nxe4 Nxe4 17.Qxe4 Bb7 18.Ne5 Nf6 19.Qe3 c5 20.dxc5 bxc5 21.Rd2 Rac8 22.
Rfd1 Bc6 23.Bf3 Bxf3 24.Qxf3 a4 25.g3 Qc7 1/2-1/2

[Event "26th EUR-ch"]
[Site "Katowice POL"]
[Date "2026.04.13"]
[Round "6.10"]
[White "Martirosian, Haik"]
[Black "Travadon, Loic"]
[Result "1-0"]
[WhiteElo "2633"]
[BlackElo "2505"]
[EventDate "2026.04.07"]
[PlyCount "157"]

1.d4 Nf6 2.c4 e6 3.Nf3 d5 4.Nc3 Nbd7 5.cxd5 exd5 6.Bg5 Bb4 7.Nd2 c6 8.e3 
Nf8 9.Bd3 Ng6 10.O-O O-O 11.a3 Bd6 12.f4 h6 13.Bxf6 Qxf6 14.f5 Qg5 15.Qe2 
Nh4 16.Nf3 Qh5 17.h3 Nxf3+ 18.Rxf3 Qh4 19.e4 Bd7 20.Qf2 Qxf2+ 21.Kxf2 dxe4
22.Nxe4 Bc7 23.Rd1 Rad8 24.g4 Bc8 25.Bc4 Bb6 26.Rfd3 Rfe8 27.Kf3 Kf8 28.b4
Rd7 29.d5 cxd5 30.Rxd5 Rxd5 31.Rd3 Rd4 32.Rxd4 Bc7 33.Rd1 a6 34.b5 Be5 35.
b6 Ke7 36.Bb3 h5 37.Ng5 hxg4+ 38.hxg4 f6 39.Nf7 Bb2 40.Rd2 Bxa3 41.Rc2 Bd7
42.Rc7 Rc8 43.Be6 Rxc7 44.bxc7 Bc5 45.Nh8 a5 46.c8=Q Bxc8 47.Bxc8 b5 48.
Ba6 b4 49.Ke4 b3 50.Kd3 g5 51.Kc3 a4 52.Bb5 a3 53.Kxb3 Kd6 54.Nf7+ Kd5 55.
Nd8 Ke4 56.Ne6 Bd6 57.Bc6+ Ke3 58.Ka2 Kf2 59.Ba4 Kf3 60.Bd1+ Ke3 61.Nd8 
Kd2 62.Bb3 Kc3 63.Nc6 Bc5 64.Na5 Kb4 65.Nc4 Bd4 66.Nxa3 Bc5 67.Bf7 Kc3 68.
Nb5+ Kb4 69.Be8 Be3 70.Nd6 Bd4 71.Bf7 Kc5 72.Ne4+ Kb4 73.Kb1 Be5 74.Kc2 
Ba1 75.Kd3 Be5 76.Nd2 Ba1 77.Ke4 Bc3 78.Nb3 Be5 79.Nc1 1-0

[Event "26th EUR-ch"]
[Site "Katowice POL"]
[Date "2026.04.13"]
[Round "6.11"]
[White "Bjerre, Jonas Buhl"]
[Black "Janik, Igor"]
[Result "1-0"]
[WhiteElo "2623"]
[BlackElo "2504"]
[EventDate "2026.04.07"]
[PlyCount "101"]

1.e4 c6 2.Nf3 d5 3.Nc3 Bg4 4.d4 e6 5.Be2 Nf6 6.e5 Nfd7 7.O-O Be7 8.Ne1 
Bxe2 9.Nxe2 c5 10.c3 Nc6 11.Be3 O-O 12.Nd3 cxd4 13.cxd4 Nb4 14.Ndf4 Rc8 
15.Nc3 Nb6 16.Qg4 Nc2 17.Nh5 g6 18.Rac1 Nxe3 19.fxe3 Nd7 20.Rf3 Kh8 21.Nf4
Rg8 22.Rcf1 Rg7 23.Nfe2 Kg8 24.e4 h5 25.Qh3 dxe4 26.Nxe4 Rc2 27.N2c3 Rxb2 
28.Nf6+ Nxf6 29.exf6 Qxd4+ 30.Kh1 Bxf6 31.Rxf6 Rc2 32.Nd1 Qe4 33.Qg3 h4 
34.Qb8+ Kh7 35.Nf2 Qc4 36.Nh3 Rc1 37.Rxc1 Qxc1+ 38.Ng1 Qb2 39.Qf4 g5 40.
Qe4+ Kg8 41.Rf1 Qxa2 42.Rd1 f5 43.Qe5 g4 44.Qb8+ Kh7 45.Qe8 Kh6 46.Qh8+ 
Rh7 47.Qf6+ Kh5 48.h3 Rh6 49.hxg4+ fxg4 50.Qe5+ Kg6 51.Rd7 1-0

[Event "26th EUR-ch"]
[Site "Katowice POL"]
[Date "2026.04.13"]
[Round "6.12"]
[White "Kacharava, Nikolozi"]
[Black "Ivanchuk, Vasyl"]
[Result "1-0"]
[WhiteElo "2500"]
[BlackElo "2621"]
[EventDate "2026.04.07"]
[PlyCount "197"]

1.e4 e5 2.Nf3 Nf6 3.d4 Nxe4 4.Bd3 d5 5.Nxe5 Nd7 6.Nc3 Bb4 7.O-O Nxe5 8.
dxe5 Nxc3 9.bxc3 Bxc3 10.Rb1 O-O 11.Bxh7+ Kxh7 12.Qd3+ Kg8 13.Qxc3 Re8 14.
h3 b6 15.Qg3 Bf5 16.Bg5 Qd7 17.f4 Bg6 18.Rbd1 c6 19.Rd2 Qf5 20.Qh4 Qe4 21.
Rdf2 Bf5 22.Rf3 Re6 23.c3 Rae8 24.g4 Bh7 25.f5 Rxe5 26.Bf4 R5e7 27.Re3 
Qxe3+ 28.Bxe3 Rxe3 29.Qf2 f6 30.Rc1 R8e5 31.Rc2 Kf8 32.Qf4 R3e4 33.Qf3 Bg8
34.Kf2 Bf7 35.Rd2 c5 36.Qd3 Rf4+ 37.Kg3 Rc4 38.Kf2 Kg8 39.Re2 Rxe2+ 40.
Kxe2 Ra4 41.Qg3 Rxa2+ 42.Kf3 d4 43.Qb8+ Kh7 44.Qb7 Kg8 45.Qc8+ Kh7 46.Qd7 
Kg8 47.cxd4 cxd4 48.h4 Ra3+ 49.Kg2 Ra5 50.Qd8+ Kh7 51.Qxd4 Re5 52.Qd7 Bd5+
53.Kg3 Be4 54.Qxa7 Bxf5 55.gxf5 Rxf5 56.Qxb6 Re5 57.Qb1+ Kh6 58.Qb8 Kh7 
59.Kf4 Rc5 60.Qb1+ Kh6 61.Ke3 Rh5 62.Qb8 Kh7 63.Qg3 Re5+ 64.Kd4 Kh6 65.Qd3
Rh5 66.Qe3+ Kh7 67.Qf4 Re5 68.Kd3 Kh8 69.Qf3 Kh7 70.Qa8 Re7 71.Kc3 Re5 72.
Qb7 Rc5+ 73.Kd3 Re5 74.Kd2 Kh6 75.Qa8 Kh7 76.Qd8 Rh5 77.Qd3+ Kh6 78.Qe3+ 
Kh7 79.Qe4+ Kh6 80.Qe8 Rd5+ 81.Kc3 Re5 82.Qh8+ Kg6 83.Kd4 Rh5 84.Qe8+ Kh6 
85.Qa8 Rxh4+ 86.Kd5 Rh5+ 87.Ke6 Rc5 88.Qh1+ Rh5 89.Qa8 Rc5 90.Kf7 Rc7+ 91.
Kg8 Rc5 92.Qh1+ Rh5 93.Qe4 Ra5 94.Qh7+ Kg5 95.Qxg7+ Kf5 96.Qd7+ Kg6 97.
Qd3+ Rf5 98.Kf8 Kg5 99.Qg3+ 1-0

[Event "26th EUR-ch"]
[Site "Katowice POL"]
[Date "2026.04.13"]
[Round "6.13"]
[White "Santos Latasa, Jaime"]
[Black "Gharibian, Mamikon"]
[Result "1-0"]
[WhiteElo "2610"]
[BlackElo "2487"]
[EventDate "2026.04.07"]
[PlyCount "75"]

1.e4 c5 2.Nf3 Nc6 3.Bb5 g6 4.Bxc6 bxc6 5.O-O Bg7 6.Re1 Nh6 7.c3 O-O 8.h3 
f5 9.e5 Nf7 10.d4 cxd4 11.cxd4 Bb7 12.Na3 c5 13.dxc5 Qa5 14.Be3 Qb4 15.Nc2
Qxb2 16.Bd4 Bxf3 17.gxf3 Qb7 18.f4 Nd8 19.Rb1 Qd5 20.Nb4 Qf7 21.Be3 g5 22.
Nd5 gxf4 23.Nxf4 Nc6 24.Qxd7 Nxe5 25.Qb7 Qxa2 26.Qg2 Rab8 27.Rbd1 Qf7 28.
Bd4 Ng6 29.Ne6 Bxd4 30.Rxd4 Rfc8 31.c6 Rb6 32.Rd7 Kh8 33.Kh1 Qf6 34.Qd5 h6
35.c7 Qc3 36.Re3 Qa1+ 37.Kh2 Qf1 38.Qd4+ 1-0

[Event "26th EUR-ch"]
[Site "Katowice POL"]
[Date "2026.04.13"]
[Round "6.14"]
[White "Klimkowski, Jan"]
[Black "Dardha, Daniel"]
[Result "0-1"]
[WhiteElo "2498"]
[BlackElo "2596"]
[EventDate "2026.04.07"]
[PlyCount "92"]

1.e4 c5 2.Nf3 e6 3.d4 cxd4 4.Nxd4 Nc6 5.Nc3 Qc7 6.Be2 Nf6 7.Ndb5 Qb8 8.f4 
d6 9.Be3 Be7 10.g4 a6 11.Nd4 d5 12.exd5 Nxd5 13.Nxd5 exd5 14.Qd2 O-O 15.
O-O-O Qc7 16.Kb1 Re8 17.Bf3 Bb4 18.c3 Bf8 19.h3 Bd7 20.Nc2 Na5 21.Bxd5 
Rad8 22.Qf2 Nc4 23.Bxc4 Qxc4 24.Bb6 Bc6 25.Bxd8 Bxh1 26.Rxh1 Rxd8 27.Nd4 
b5 28.Qf1 Qc7 29.Qf3 b4 30.Rf1 Qc4 31.Rc1 bxc3 32.Nb3 Bb4 33.bxc3 Bf8 34.
Kb2 a5 35.Rd1 Rb8 36.Rd4 Qb5 37.Qe4 g6 38.Rd5 Qc6 39.Re5 Qd6 40.Rxa5 Qd2+ 
41.Qc2 Qxf4 42.Qg2 Re8 43.Nd4 Re1 44.Ra8 Qc1+ 45.Kb3 Re3 46.Qb2 Qd1+ 0-1

[Event "26th EUR-ch"]
[Site "Katowice POL"]
[Date "2026.04.13"]
[Round "6.15"]
[White "Ohanian, Emin"]
[Black "Abasov, Nijat"]
[Result "1/2-1/2"]
[WhiteElo "2481"]
[BlackElo "2586"]
[EventDate "2026.04.07"]
[PlyCount "47"]

1.e4 e5 2.Nf3 Nf6 3.d4 Nxe4 4.dxe5 Bc5 5.Bc4 Nxf2 6.Bxf7+ Kxf7 7.Qd5+ Kg6 
8.Qxc5 Nxh1 9.Nc3 d6 10.Qc4 h6 11.e6 Kh7 12.Qe4+ Kg8 13.Nd5 Nc6 14.e7 Qe8 
15.Be3 Bd7 16.Nxc7 Qxe7 17.Qxe7 Nxe7 18.Nxa8 Kf7 19.Nc7 Rc8 20.Bxa7 Rxc7 
21.O-O-O Bf5 22.Nd4 Nf2 23.Rf1 Nd3+ 24.Kb1 1/2-1/2